| 000 | 00511nam a2200121Ia 4500 | ||
|---|---|---|---|
| 008 | 220620s9999||||xx |||||||||||||| ||und|| | ||
| 100 | _aMarc J.M. Abadie | ||
| 245 | 0 | _aHigh Performance Polymers - Polyimides Based - From Chemistry to Applications | |
| 546 | _aEnglish[eng] | ||
| 650 | _aPhysical Sciences||Engineering and Technology||Materials Science||Biochemistry||Polymers | ||
| 856 | _uhttps://www.intechopen.com/books/high-performance-polymers-polyimides-based-from-chemistry-to-applications | ||
| 942 | _cEB | ||
| 999 |
_c22548 _d22548 |
||